Внедрение новых технологий социально-гигиенического мониторинга в практическую деятельность службы Госсанэпиднадзора; Безопасность жизнедеятельности; № 4

Dades bibliogràfiques
Parent link:Безопасность жизнедеятельности: научно-практический и учебно-методический журнал.— , 2001-
№ 4.— 2004.— С. 32-36
Autor principal: Лимин Б. В.
Altres autors: Кузнецова И. А., Карлова Т. В.
Idioma:rus
Publicat: 2004
Col·lecció:Санитарно-эпидемиологическая безопасность
Matèries:
Format: MixedMaterials Capítol de llibre
KOHA link:https://koha.lib.tpu.ru/cgi-bin/koha/opac-detail.pl?biblionumber=392611

MARC

LEADER 00000naa2a2200000 4500
001 392611
005 20231101064259.0
035 |a (RuTPU)RU\TPU\prd\28003 
090 |a 392611 
100 |a 20040917a2004 k y0rusy50 ca 
101 0 |a rus 
102 |a RU 
200 1 |a Внедрение новых технологий социально-гигиенического мониторинга в практическую деятельность службы Госсанэпиднадзора  |f Б. В. Лимин, И. А. Кузнецова, Т. В. Карлова 
225 1 |a Санитарно-эпидемиологическая безопасность 
461 1 |0 (RuTPU)RU\TPU\prd\1137  |t Безопасность жизнедеятельности  |o научно-практический и учебно-методический журнал  |d 2001- 
463 1 |0 (RuTPU)RU\TPU\prd\26079  |t № 4  |v С. 32-36  |d 2004 
610 1 |a Вологодская область 
610 1 |a социально-гигиенический мониторинг 
610 1 |a Госсанэпиднадзор 
610 1 |a нормативные документы 
610 1 |a население 
610 1 |a здоровье 
610 1 |a изучение 
675 |a 349.243.008.6  |v 3 
700 1 |a Лимин  |b Б. В. 
701 1 |a Кузнецова  |b И. А. 
701 1 |a Карлова  |b Т. В. 
801 1 |a RU  |b 63413507  |c 20040917  |g PSBO 
942 |c BK